000 00727nam a2200181 a 4500
001 000032039
005 20240305140625.0
008 110712nuuuuuuuudr 000 | spa d
040 _aDO-SdBNP
_bspa
_cBNPHU
082 _axxx
_bR426p
110 1 _aRepública Dominicana. Constitución (1844)
_958170
245 1 3 _aLa primera constitución política de la República Dominicana :
_bconstitución de San Cristóbal de 6 noviembre de 1844 /
_cJavier Malagón Barceló, Malaquías Gil Arantegui.
260 _aCiudad Trujillo, República Dominicana :
_bPol Hermanos,
_c[19--?].
300 _a33 p. ;
_c23 cm.
700 1 _aMalagón Barceló, Javier
_931024
700 1 _aGil Arantegui, Malaquías,
_d1912-1988
_976489
049 _aBNPD
999 _c31530
_d31530